|
|
|
|
| LEADER |
01143nam a2200253 a 4500 |
| 001 |
2164889 |
| 008 |
090826s1998 nyua b 001 0 eng d |
| 020 |
|
|
|a 9810233965
|
| 040 |
|
|
|a UMC
|c UMC
|
| 082 |
0 |
0 |
|a 515/.353
|2 21
|
| 245 |
1 |
0 |
|a Advances in nonlinear partial differential equations and stochastics /
|c edited by S. Kawashima, T. Yanagisawa.
|
| 260 |
|
|
|a Singapore ;
|a Singapore :
|b World Scientific,
|c c1998.
|
| 300 |
|
|
|a vii, 351 p. :
|b ill. ;
|c 23 cm.
|
| 490 |
1 |
|
|a Series on advances in mathematics for applied sciences ; |v vol. 48
|
| 504 |
|
|
|a Includes bibliographical references.
|
| 541 |
1 |
|
|e 00014651
|
| 650 |
|
0 |
|a Differential equations, Partial
|v Congresses.
|
| 650 |
|
0 |
|a Stochastic processes
|v Congresses.
|
| 700 |
1 |
|
|a Kawashima, S.
|q (Shuichi)
|
| 700 |
1 |
|
|a Yanagisawa, T.
|q (Taku)
|
| 830 |
|
0 |
|a Series on advances in mathematics for applied sciences ;
|v v. 48.
|
| 852 |
4 |
|
|a Ayesha Abed Library
|j General shelf
|
| 999 |
|
|
|c 3550
|d 3550
|
| 952 |
|
|
|0 0
|1 0
|2 ddc
|4 0
|6 515_353000000000000_ADV_1998
|7 0
|9 3222
|a BRACUL
|b BRACUL
|c GEN
|d 2009-09-02
|g 0.00
|l 0
|o 515.353 ADV
|p 3010014651
|r 2009-09-02
|t 1
|w 2009-09-02
|y BK
|x No price found in the accession register.
|